书目信息 |
| 题名: |
数学考研教程
|
|
| 作者: | 龚冬保 主编 | |
| 分册: | ||
| 出版信息: | 西安 西安交通大学出版社 2003.04 |
|
| 页数: | 510页 | |
| 开本: | 26cm | |
| 丛书名: | ||
| 单 册: | ||
| 中图分类: | O13 | |
| 科图分类: | ||
| 主题词: | 高等数学 | |
| 电子资源: | ||
| ISBN: | 7-5605-1514-2 | |
| 000 | 00562nam0 2200205 45 | |
| 001 | 0433567246 | |
| 005 | 2004042809192656 | |
| 010 | @a7-5605-1514-2@dCNY 46.00 | |
| 100 | @a20040428d2003 km y0chiy0120 ea | |
| 101 | 0 | @achi |
| 102 | @aCN@b610000 | |
| 200 | 1 | @a数学考研教程@AShu Xue Kao Yan Jiao Cheng@f龚冬保主编@Fgong dong bao zhu bian |
| 205 | @a2版 | |
| 210 | @a西安@c西安交通大学出版社@d2003.04 | |
| 215 | @a510页@d26cm | |
| 606 | 0 | @a高等数学 |
| 690 | 1 | @aO13@v4 |
| 701 | 0 | @a龚冬保@Agong dong bao@4主编 |
| 801 | 0 | @aCN@bPFT@c20040428 |
| 905 | @dO13@eG380 | |
| 数学考研教程/龚冬保主编.-2版.-西安:西安交通大学出版社,2003.04 |
| 510页;26cm |
| ISBN 7-5605-1514-2:CNY 46.00 |
| ● |
| 相关链接 |
|
|
|
正题名:数学考研教程
索取号:O13/G380
 
预约/预借
| 序号 | 登录号 | 条形码 | 馆藏地/架位号 | 状态 | 备注 |
| 1 | 382562 | 203825628 | 自科库401/401自科库 106排3列4层/ [索取号:O13/G380] | 在馆 | |
| 2 | 382563 | 203825637 | 自科库401/401自科库 106排3列4层/ [索取号:O13/G380] | 在馆 | |
| 3 | 382564 | 203825646 | 自科库401/401自科库 106排3列4层/ [索取号:O13/G380] | 在馆 |